000 00548nam a22001577a 4500
003 OSt
005 20150912105908.0
008 150912b xxu||||| |||| 00| 0 eng d
040 _cRUA
082 _aAGR ឌុច 1995 B015 Or.1
100 _9301
_aឌុច វណ្ណៈ
245 _aវិធានការចំរុះការពារដំណាំ IPM លើស្រែកសិករ (mixed measure of ipm to protect rice in the farmer's fields)
260 _aPhnom Penh
_bRUA
_c1995
300 _a103p.
_bill.
_c29cm.
942 _2ddc
_cAGR
999 _c279
_d279